000
00335nam a2200145Ia 4500
005
20251222152722.0
008
251222s9999||||xx |||||||||||||| ||spa||
020
_a
9786124277047
082
_a
813.54/D23
100
_a
Dane Bauer, Marion
245
0
_a
Una Mamá para Owen
250
_a
1ra.ed.
264
_b
Titanium
942
_c
LIB
999
_c
29631
_d
29631